Salesianum (Anno 51, gennaio-marzo 1989) (Record n. 75921)
[ formato base ]
| 000 -LEADER | |
|---|---|
| fixed length control field | 01085nam a2200301Ia 4500 |
| 001 - CONTROL NUMBER | |
| control field | 76991 |
| 003 - CONTROL NUMBER IDENTIFIER | |
| control field | IT-RoPAU |
| 008 - FIXED-LENGTH DATA ELEMENTS--GENERAL INFORMATION | |
| fixed length control field | 130308s9999 xx 000 0 und d |
| 040 ## - CATALOGING SOURCE | |
| Original cataloging agency | IT-RoPAU |
| 040 ## - CATALOGING SOURCE | |
| Transcribing agency | IT-RoPAU |
| 041 ## - LANGUAGE CODE | |
| Language code of text/sound track or separate title | ITALIANO |
| 999 ## - SYSTEM CONTROL NUMBERS (KOHA) | |
| Koha Dewey Subclass [OBSOLETE] | SI |
| 100 ## - MAIN ENTRY--PERSONAL NAME | |
| Personal name | AA.VV. |
| 100 ## - MAIN ENTRY--PERSONAL NAME | |
| Miscellaneous information | Codice Aut. SPICS: 12000 |
| 245 ## - TITLE STATEMENT | |
| Title | Salesianum (Anno 51, gennaio-marzo 1989) |
| 245 ## - TITLE STATEMENT | |
| Remainder of title | Salesianum (Anno 51, Gennaio-Marzo 1989) |
| 250 ## - EDITION STATEMENT | |
| Edition statement | 1a ed. |
| 260 ## - PUBLICATION, DISTRIBUTION, ETC. (IMPRINT) | |
| Place of publication, distribution, etc. | ROMA |
| 260 ## - PUBLICATION, DISTRIBUTION, ETC. (IMPRINT) | |
| Name of publisher, distributor, etc. | Las |
| 260 ## - PUBLICATION, DISTRIBUTION, ETC. (IMPRINT) | |
| Date of publication, distribution, etc. | 1989 [1° Ed.:1989 - Ed.Ling.Originale:1989] |
| 300 ## - PHYSICAL DESCRIPTION | |
| Extent | "214 p. (prefazione: no ; testo: 214 [pagine: 0-0])" |
| 500 ## - GENERAL NOTE | |
| General note | "Studi commentari recensioni cronache Pastorale Familiare Testimonianza di Giovanni Crisostomo Apologia Cristiana di Arnobio di Sicca Come Ricerca della Verità Assoluta Inquietudine e Fedeltà Ermeneutica Sapienziale del dramma ""La fame e la Sete"" di Jonesco Don Bosco un Magistero che Non Tramonta" |
| 650 ## - SUBJECT ADDED ENTRY--TOPICAL TERM | |
| Topical term or geographic name as entry element | TEORIA TEOLOGIA COMUNICAZIONE SOCIALE |
| 650 ## - SUBJECT ADDED ENTRY--TOPICAL TERM | |
| Relator term | Codice materia Spics: 9205 |
| 942 ## - ADDED ENTRY ELEMENTS (KOHA) | |
| Koha item type | LIBRO |
| 957 ## - | |
| -- | 1 |
| 999 ## - SYSTEM CONTROL NUMBERS (KOHA) | |
| -- | 1 |
| Withdrawn status | Lost status | Damaged status | Not for loan | Home library | Current library | Date acquired | Total Checkouts | Full call number | Date last seen | Price effective from | Koha item type | Public note |
|---|---|---|---|---|---|---|---|---|---|---|---|---|
| Buone Condizioni | Not For Loan | SPICS-MEDIATECA | SPICS-MEDIATECA | 08/03/2013 | 76991 | 08/03/2013 | 08/03/2013 | LIBRO | Progressivo inserimento: 58330 / N. Volumi: 1 Copie: 1 Copia Rara: SI / data import: 1 marzo 2013 - By Epidotti, Trombetti, Vaglietti. |